00835pam a2200313 a 45000010008000000030009000080050017000170070008000340080043000420100006000850200015000910400022001060410013001280420006001410500009001470820009001561000028001652450065001932460046002582600038003043000027003425200006003696500009003756500009003846500009003937000021004028560009004238560089004321126639DO-SdBNP20180222132301.01126639941104s1999 xxu a j 000 1 eng  a  a0439071690 aBPMSUcspadBPMSU aspadeng a 00a b 00a 2 1 aDanziger, Paula,d1944-10aI, Amber Brown /cPaula Danziger ; illustrated by Tony Ross. aAmber Brown goes fourth :bI, amber Brown aNew York :bPutnam's Sons,c1999. a140 p. :bil ;c23 cm. a  1a x  1a x  1a x 12aRoss, Tony,eil.423 u 423Publisher descriptionuhttp://www.loc.gov/catdir/enhancements/fy1207/94041935-d.html